| 000 | 00553nam a2200229Ia 4500 | ||
|---|---|---|---|
| 003 | OSt | ||
| 005 | 20221005125239.0 | ||
| 006 | a|||||r|||| 00| 0 | ||
| 007 | ta | ||
| 008 | 221004b |||||||| |||| 00| 0 mal d | ||
| 024 | _a57942 | ||
| 037 | _cTextual | ||
| 040 |
_aCRL _cCRL _bmal |
||
| 041 |
_2mal _amal |
||
| 082 | _aP15,Cx, 32J5 | ||
| 100 | _aPanini | ||
| 245 | 0 | _aPamininya pradyolan | |
| 260 | _c1955 | ||
| 650 |
_aPANINI LITERATURE _9183189 |
||
| 942 |
_hP15,Cx, 32J5 _cTEXL _2cc |
||
| 999 |
_c1053402 _d1053402 |
||